Recuerdos de mi remoto ayer / (Record no. 140434)

MARC details
000 -LEADER
campo de control de longitud fija 00616nam a2200181 4500
001 - NÚMERO DE CONTROL
campo de control 140434
003 - IDENTIFICADOR DE NÚMERO DE CONTROL
campo de control ES-MaACL
005 - FECHA Y HORA DE LA ÚLTIMA TRANSACCIÓN
campo de control 20230906200057.0
007 - CAMPO FIJO DE DESCRIPCIÓN FÍSICA--INFORMACIÓN GENERAL
campo de control de longitud fija t|
008 - DATOS DE LONGITUD FIJA--INFORMACIÓN GENERAL
campo de control de longitud fija 070214s1966 sp r ||||1| spa d
100 1# - ENTRADA PRINCIPAL--NOMBRE DE PERSONA
Nombre de persona Schweitzer, Albert.
9 (RLIN) 104897
245 10 - MENCIÓN DEL TÍTULO
Título Recuerdos de mi remoto ayer /
Mención de responsabilidad, etc. Albert Schweitzer ; traducción de Mercedes Lloret Compte ; con unas notas prologales de Emiliano M. Aguilera.
260 ## - PUBLICACIÓN, DISTRIBUCIÓN, ETC.
Lugar de publicación, distribución, etc. Barcelona :
Nombre del editor, distribuidor, etc. Occitania,
Fecha de publicación, distribución, etc. 1966.
300 ## - DESCRIPCIÓN FÍSICA
Extensión 88 p. ;
Dimensiones 21 cm.
700 1# - ENTRADA AGREGADA--NOMBRE PERSONAL
Nombre de persona Lloret Compte, Mercedes.
9 (RLIN) 72922
700 1# - ENTRADA AGREGADA--NOMBRE PERSONAL
Nombre de persona Aguilera, Emiliano M.
9 (RLIN) 18758
852 ## - LOCALIZACIÓN
Ubicación ES-MaACL
Número de control de estantería C-29281
Sublocalización o colección R.59713
Holdings
Estatus retirado Estado de pérdida Estado de daño No para préstamo Biblioteca de origen Biblioteca actual Ubicación en estantería Fecha de adquisición Fuente de adquisición Total de préstamos Signatura topográfica completa Código de barras Visto por última vez Precio de reemplazo Tipo de ítem Koha
        Biblioteca del Ateneo de Madrid Biblioteca del Ateneo de Madrid Depósito 2 17/01/2008     C-29281 1146141 23/02/2023 23/02/2023 Libro impreso